Statistics for Outer Banks Season 3 Episode 3 Quiz

Click here to take the quiz!

General Stats

  • This quiz has been taken 14 times
  • The average score is 5 of 16

Answer Stats

QuestionAnswer% Correct
Which pouge isn't seen at all while until after the pouges refill their boat?Sarah
83%
What club do Cleo and Pope form?The no love club
75%
How old was John B when his mom left?three
75%
What is the name of this episode?Fathers and Sons
67%
What do John B and Big John see on their boat?A whale
58%
Where is the copy of Denmark's diary?In the Twinkie
42%
What does Pope talk about so him and Cleo can run away?A mango
33%
Where does Ward what Rafe to go?The Outer Banks/Kildare
33%
What did John B's shirt say as he looked at the bell?bad brains
17%
Where is the Twinkie?Impound lot/With the police
17%
Where are the pouges when they stop to refill the boat?St.Kitts and Nevis
17%
What still means something according to Ward?Being a Cameron
8%
Who does John B see attacking his father in his dream?Carlos Singh
8%
What is the name of the shop owner and Big John's "partner"?Arjun
0%
What is the name of the man that Rafe steals the wallet of?Mr. Tomkins
0%
What leads to El Dorado?The signpost of Orinoco
0%

Score Distribution

Percentile by Number Answered

Percent of People with Each Score

Your Score History

You have not taken this quiz